Nadace, nadační fondy a obecně prospěšné ústavy jako institucionální základ českého obecně prospěšného sektoru

Bibliographic Details
Main Authors: Hurdík, Jan, 1951- (Author), Telec, Ivo, 1959- (Author)
Format: Article
Language:Slovak
Czech
ISSN:0032-6984
Subjects:

MARC

LEADER 00000nab a2200000 a 4500
001 vtls000758193
003 SK-MaSNL
005 20260304123900.0
008 250429c2000 xo 0 slo
015 |a SNBRB2001/05-15752 
035 |a CLN000109980 
035 |a urn:nbn:sk:snk-ab29sq 
035 |a (urnnbn)urn:nbn:sk:snk:ar-a01zyr 
035 |a (uuid)df6071bb-7c9a-4bf5-aef7-73afd6738d5e 
040 |a SNKBUCL  |b slo  |c SNKBUCL  |e AACR2 
041 0 |a cze 
044 |a xo  |c SK 
080 |a 338.46(437.1/.2):061.27  |2 1997 
080 |a 061.27(437.1/.2)  |2 1997 
100 1 |a Hurdík, Jan,  |d 1951-  |4 aut  |9 118315 
245 1 0 |a Nadace, nadační fondy a obecně prospěšné ústavy jako institucionální základ českého obecně prospěšného sektoru  |c J. Hurdík, L. Telec 
504 |a Bibliogr. odkazy 
504 |a Res. angl. 
650 0 7 |a sektor verejný  |x nadácie  |x fondy nadačné  |x ústavy verejnoprospešné  |z Česko  |2 snkbucl  |9 1433782 
650 0 7 |a nadácie  |2 snkbucl  |9 2665 
650 0 7 |a nadačné fondy  |2 SNKPH  |9 246020 
650 0 7 |a ústavy verejnoprospešné  |2 snkbucl  |9 1433783 
655 7 |a články z novín a časopisov  |2 snkbucl  |9 267496 
700 1 |a Telec, Ivo,  |d 1959-  |4 aut  |9 93513 
773 0 |t Právny obzor  |g Roč. 83, č. 6 (2000), s. 471-487  |x 0032-6984 
850 |a Slovenská národná knižnica 
852 |a Slovenská národná knižnica 
958 |a article27 
958 |a SK 
958 |a CZ 
958 |a OND 
958 |a EUIPO 
992 |a RBX 
999 |c 2890125  |d 2892055